[Event "San Francisco TNM Summer op"]
[Site "San Francisco"]
[Date "2013.07.02"]
[Round "6"]
[White "Gardiner, Paul"]
[Black "Manvelyan, Hovik"]
[Result "1/2-1/2"]
[WhiteElo "1650"]
[BlackElo "1902"]
[PlyCount "83"]
[EventDate "2013.05.28"]
[EventType "swiss"]
[EventRounds "8"]
[EventCountry "USA"]
[SourceTitle "EXT 2016"]
[Source "ChessBase"]
[SourceDate "2015.10.08"]
[SourceVersion "1"]
[SourceVersionDate "2015.10.08"]
[SourceQuality "1"]

1. e4 c5 2. Nf3 Nc6 3. d4 cxd4 4. Nxd4 d6 5. c4 Nf6 6. Nc3 g6 7. Be2 Bg7 8. Be3 0-0 9. 0-0 Bd7 10. Rc1 Rc8 11. Kh1 Nxd4 12. Bxd4 b6 13. Qd2 Ng4 14. Bxg7 Kxg7 15. Bxg4 Bxg4 16. f3 Be6 17. b3 Qd7 18. Rcd1 f6 19. Rfe1 Rc5 20. h3 Bxh3 21. Nd5 Be6 22. Qd4 Rfc8 23. a4 Kf7 24. Qe3 Rg8 25. Rd2 g5 26. f4 gxf4 27. Qxf4 Rg5 28. Rf1 Bxd5 29. Qxg5 Bxe4 30. Qh4 Bg6 31. Rd5 Qb7 32. Qd4 Qc8 33. Re1 Bf5 34. Qe3 Rc7 35. Qf4 Bg6 36. Qd4 Qf8 37. Qf4 Qc8 38. Qe3 Qg4 39. Rd4 Qd7 40. Qd2 Qf5 41. Qe3 Qd7 42. Qd2 1/2-1/2

[Event "San Francisco TNM Spring op"]
[Site "San Francisco"]
[Date "2013.05.07"]
[Round "8"]
[White "Cheng, Andrew Ys"]
[Black "Gardiner, Paul"]
[Result "0-1"]
[WhiteElo "1425"]
[BlackElo "1605"]
[PlyCount "50"]
[EventDate "2013.03.19"]
[EventType "swiss"]
[EventRounds "8"]
[EventCountry "USA"]
[SourceTitle "EXT 2016"]
[Source "ChessBase"]
[SourceDate "2015.10.08"]
[SourceVersion "1"]
[SourceVersionDate "2015.10.08"]
[SourceQuality "1"]

1. c4 Nf6 2. d4 c5 3. d5 b5 4. e3 bxc4 5. Bxc4 d6 6. Nc3 g6 7. Nf3 Bg7 8. 0-0 0-0 9. e4 Nbd7 10. Bg5 Rb8 11. Rb1 Re8 12. Re1 Ng4 13. h3 Nge5 14. Nxe5 Nxe5 15. Bb3 Ba6 16. Qd2 Qc7 17. Bh6 Bh8 18. f4 Nd3 19. Re3 Bd4 20. Kh2 Bxe3 21. Qxe3 c4 22. f5 cxb3 23. fxg6 hxg6 24. Rf1 Ne5 25. h4 Ng4+ 0-1

[Event "San Francisco TNM Spring op"]
[Site "San Francisco"]
[Date "2013.04.23"]
[Round "6"]
[White "Gardiner, Paul"]
[Black "Chernobilskiy, Mikhail"]
[Result "1/2-1/2"]
[WhiteElo "1605"]
[BlackElo "1864"]
[PlyCount "64"]
[EventDate "2013.03.19"]
[EventType "swiss"]
[EventRounds "8"]
[EventCountry "USA"]
[SourceTitle "EXT 2016"]
[Source "ChessBase"]
[SourceDate "2015.10.08"]
[SourceVersion "1"]
[SourceVersionDate "2015.10.08"]
[SourceQuality "1"]

1. e4 e5 2. Nf3 Nc6 3. Nc3 Nf6 4. d4 exd4 5. Nxd4 Bb4 6. Nxc6 bxc6 7. Bd3 0-0 8. 0-0 h6 9. e5 Ne8 10. Qf3 d5 11. exd6 Nxd6 12. Bf4 Qf6 13. Ne4 Qxb2 14. Nxd6 Bxd6 15. Qe4 g6 16. Bxd6 cxd6 17. Qxc6 Be6 18. Qxd6 Bxa2 19. Rfe1 Rfd8 20. Qf4 Kg7 21. Qe5+ Qxe5 22. Rxe5 Rab8 23. Ra5 Rb1+ 24. Rxb1 Bxb1 25. Rxa7 Rc8 26. Ra1 Rb8 27. h3 g5 28. Ra7 Rc8 29. Ra1 Rb8 30. Ra3 Rc8 31. Ra1 Rb8 32. Bf5 Rb2 1/2-1/2

[Event "San Francisco TNM Spring op"]
[Site "San Francisco"]
[Date "2013.03.19"]
[Round "1"]
[White "Uzzaman, Ashik"]
[Black "Gardiner, Paul"]
[Result "1-0"]
[WhiteElo "1987"]
[BlackElo "1605"]
[PlyCount "45"]
[EventDate "2013.03.19"]
[EventType "swiss"]
[EventRounds "8"]
[EventCountry "USA"]
[SourceTitle "EXT 2016"]
[Source "ChessBase"]
[SourceDate "2015.10.08"]
[SourceVersion "1"]
[SourceVersionDate "2015.10.08"]
[SourceQuality "1"]

1. e4 c6 2. d4 d5 3. exd5 cxd5 4. Bd3 Nc6 5. c3 Nf6 6. Bf4 e6 7. Nf3 Bd6 8. Bxd6 Qxd6 9. 0-0 0-0 10. Na3 a6 11. Re1 Re8 12. Ne5 Rb8 13. Re3 b5 14. Nc2 Bd7 15. Qe2 Ne7 16. Re1 a5 17. a3 Rec8 18. Rh3 g6 19. Qf3 Kg7 20. Rxh7+ Nxh7 21. Qxf7+ Kh8 22. Bxg6 Nf8 23. Re3 1-0